[Event "68.Camp. Veneto Quarti di Finale"]
[Site "Arquà Petrarca ITA"]
[Date "2008.05.18"]
[Round "5.16"]
[White "Meggiorin, Orlando"]
[Black "Renier, Renzo"]
[Result "0-1"]
[WhiteElo "1532"]
[BlackElo "2024"]
[Annotator "Gabriele Ballarin"]
[PlyCount "54"]
[EventDate "2008.05.10"]
[EventType "swiss"]
[EventRounds "6"]
[EventCountry "ITA"]
[TimeControl "6000+30"]

{590MB, Fritz11.ctg, PC-PC} 1. e4 e6 2. d4 d5 3. e5 c5 4. c3 Nc6 5. Nf3 Qb6 6. a3 c4 7. Nbd2 Na5 8. b4 cxb3 9. Nxb3 Qxb3 10. Qxb3 Nxb3 11. Rb1 Nxc1 12. Rxc1 Bxa3 13. Rb1 a6 14. Bd3 Nh6 15. h3 O-O 16. g4 b5 17. Kd2 Be7 18. Ke2 Bd7 19. g5 Nf5 20. h4 g6 21. h5 Ng7 22. hxg6 hxg6 23. Rh6 Nh5 24. Rh1 Kg7 25. R1xh5 gxh5 26. Rh7+ Kg8 27. Rxh5 b4 0-1

[Event "68.Camp. Veneto Quarti di Finale"]
[Site "Arquà Petrarca ITA"]
[Date "2008.05.18"]
[Round "6.12"]
[White "Renier, Renzo"]
[Black "Bocchese, Nicola"]
[Result "1-0"]
[WhiteElo "2024"]
[BlackElo "1707"]
[Annotator "Gabriele Ballarin"]
[PlyCount "116"]
[EventDate "2008.05.10"]
[EventType "swiss"]
[EventRounds "6"]
[EventCountry "ITA"]
[TimeControl "6000+30"]

{590MB, Fritz11.ctg, PC-PC} 1. e4 Nf6 2. e5 Nd5 3. d4 d6 4. c4 Nb6 5. f4 Bf5 6. Nf3 (6. Nc3) 6... e6 7. Nc3 Be7 8. Bd3 Bxd3 9. Qxd3 Nc6 10. O-O Qd7 11. Be3 O-O-O 12. Rfd1 dxe5 13. fxe5 f6 14. exf6 Bxf6 15. Qe2 Qe7 16. b3 Kb8 17. Rac1 Rd7 18. Rd3 Nb4 19. Rd2 Nc6 20. Rcd1 Rhd8 21. Ne4 Re8 22. Nc5 Rdd8 23. Qf2 Nc8 24. Ne4 Ka8 25. c5 Nb4 26. Nc3 Nd5 27. Nxd5 exd5 28. Bf4 Qd7 29. Ne5 Bxe5 30. Bxe5 Rf8 31. Qg3 Rf7 32. Rf2 Rdf8 33. Rdf1 Rxf2 34. Rxf2 Rxf2 35. Qxf2 g6 36. h3 a6 37. Qf6 Kb8 38. Kh2 Qe7 39. Qf4 Na7 40. Qf3 Qd7 41. Qf8+ Nc8 42. b4 Qe7 43. Qf3 Qd7 44. Qf6 Qe7 45. Qh8 Qd7 46. Qf8 (46. Kg1 $1 Qe7 47. a4) 46... Qe7 47. Qh6 (47. Qg8) 47... Na7 48. Qd2 $6 (48. Bg7 Qf7 49. a4) 48... Nc6 49. Bf4 $2 (49. Bg3 Qf6 50. Qe3 Qxd4 $2 51. Qe8+ Ka7 52. Bxc7) 49... Qe4 50. Be3 Kc8 $6 (50... Nxb4 $1) 51. a3 Kd7 52. Qf2 Qe6 53. Qf4 Kc8 54. Bf2 Qd7 55. Bg3 Nd8 56. Qf8 Qf7 57. Qh8 Qd7 58. Bh4 b6 $138 (58... b6 59. Kg3 bxc5 60. bxc5 a5 61. Bf6 c6 62. Kh4 h6 63. Qg8 Kc7 64. Be5+ Kc8 65. Qxg6 Nf7 66. Bf4) 1-0

[Event "68.Camp. Veneto Quarti di Finale"]
[Site "Arquà Petrarca ITA"]
[Date "2008.05.18"]
[Round "6.16"]
[White "Baschirotto, Marco Dante"]
[Black "Belloni, Umberto"]
[Result "1/2-1/2"]
[WhiteElo "1881"]
[BlackElo "1876"]
[Annotator "Gabriele Ballarin"]
[PlyCount "160"]
[EventDate "2008.05.10"]
[EventType "swiss"]
[EventRounds "6"]
[EventCountry "ITA"]

1. d4 d5 2. Nf3 c6 3. e3 Bg4 4. c4 e6 5. Qb3 Qc7 6. Ne5 Bf5 7. cxd5 exd5 8. Bd2 Bd6 9. f4 Qe7 10. Bd3 Bxd3 11. Nxd3 Nf6 12. O-O O-O 13. Nc3 Re8 14. Rae1 b5 15. Ne5 a5 16. a3 Nfd7 17. e4 a4 18. Qc2 Bxe5 19. fxe5 Nb6 20. exd5 Nxd5 21. Nxd5 cxd5 22. Bb4 Qe6 23. Qf5 Nc6 24. Bc3 Na5 25. Qg5 Qg6 26. Qxg6 hxg6 27. Bb4 Nc4 28. Rb1 Rec8 29. b3 Ne3 30. Rf3 Nf5 31. Bc5 Rcb8 32. g4 Nh4 33. Rc3 Rc8 34. bxa4 bxa4 35. Rbc1 g5 36. Kf2 Ng6 37. Bb4 Rxc3 38. Rxc3 Nf4 39. Ke3 Re8 40. Rc7 f6 41. Re7 Rxe7 42. Bxe7 Kf7 43. Bd6 Ne6 44. Kd3 Ke8 45. Kc3 Kd7 46. Bb4 Kc6 47. Bd6 Kd7 48. Kb4 Nxd4 49. exf6 gxf6 50. Kc5 Nc2 51. Kxd5 Ne3+ 52. Kc5 Nc2 53. Bg3 Nxa3 54. Kb4 Nc2+ 55. Kxa4 Ne3 56. h3 Ke6 57. Bf2 Ng2 58. Bd4 Nf4 59. Kb4 Nxh3 60. Kc3 Nf4 61. Kd2 f5 62. gxf5+ Kxf5 63. Ke1 Ke4 64. Ba7 Kf3 65. Kf1 Nh3 66. Ke1 g4 67. Bb8 Nf4 68. Kf1 g3 69. Ba7 g2+ 70. Kg1 Ne2+ 71. Kh2 Ng3 72. Kg1 Ne4 73. Kh2 Nf6 74. Bg1 Ng4+ 75. Kh3 Nf2+ 76. Kh2 Nd3 77. Kh3 Nf4+ 78. Kh2 Ke2 79. Kg3 Kf1 80. Ba7 Nd3 1/2-1/2

[Event "11.Città di Padova Open A"]
[Site "Padova"]
[Date "2008.12.15"]
[Round "3.2"]
[White "Mrdja, Milan"]
[Black "Salvador, Roland"]
[Result "1-0"]
[WhiteElo "2401"]
[BlackElo "2464"]
[Annotator "Gabriele Ballarin"]
[PlyCount "58"]
[EventDate "2008.12.13"]
[EventType "swiss"]
[EventRounds "9"]
[EventCountry "ITA"]

1. e4 c5 2. Nf3 Nc6 3. Bb5 e6 4. Bxc6 bxc6 5. O-O Ne7 6. Re1 Ng6 7. d4 cxd4 8. Nxd4 Be7 9. c4 O-O 10. Nc3 Bb7 11. Nde2 f5 12. exf5 Rxf5 13. Be3 c5 14. Ng3 Rf8 15. Nce4 Qc7 16. Rc1 Rad8 17. Rc2 Qc6 18. f3 h6 19. b3 Rf7 20. Rf1 {...} Ba8 21. Qc1 Rdf8 22. Qd2 Nh4 23. Qd1 g5 24. Kf2 Ng6 25. h3 Qc7 26. Rd2 Ne5 27. Qc2 Rc8 28. Qd1 Rcf8 29. Qc2 Qc6 {Nur} 1-0

[Event "11.Città di Padova Open A"]
[Site "Padova"]
[Date "2008.12.18"]
[Round "6.14"]
[White "Lodi, Paolo"]
[Black "Topollaj, Mark"]
[Result "1-0"]
[WhiteElo "1549"]
[BlackElo "1461"]
[Annotator "Gabriele Ballarin"]
[PlyCount "63"]
[EventDate "2008.12.13"]
[EventType "swiss"]
[EventRounds "9"]
[EventCountry "ITA"]

1. c4 e6 2. g3 c6 3. Bg2 Nf6 4. Nc3 Na6 5. e4 Nb4 6. d3 d5 7. cxd5 exd5 8. a3 Na6 9. Nge2 dxe4 10. dxe4 Qxd1+ 11. Nxd1 Nc5 12. Ndc3 Nd3+ 13. Kf1 Bc5 14. f3 O-O 15. b4 Bb6 16. Na4 Bc7 17. Bg5 Nd7 18. Rd1 N3e5 19. Bf4 f6 20. Nd4 Re8 21. Bh3 Nb6 22. Bxc8 Raxc8 23. Nc5 Rb8 24. Ke2 Nbc4 25. Bxe5 Bxe5 26. Nd7 Rbd8 27. Nxe5 fxe5 28. Nc2 Kf7 29. Rxd8 Rxd8 30. Rd1 Rxd1 31. Kxd1 g5 32. Ke2 {Nur} 1-0

[Event "11.Città di Padova Open A"]
[Site "Padova"]
[Date "2008.12.20"]
[Round "8.15"]
[White "Gubellini, Luciano"]
[Black "Lodi, Paolo"]
[Result "0-1"]
[WhiteElo "1640"]
[BlackElo "1549"]
[Annotator "Gabriele Ballarin"]
[PlyCount "72"]
[EventDate "2008.12.13"]
[EventType "swiss"]
[EventRounds "9"]
[EventCountry "ITA"]

1. d4 f5 2. Nf3 e6 3. e3 Nf6 4. Nbd2 b6 5. b3 Bb7 6. Bb2 Be7 7. Bd3 O-O 8. Qe2 a5 9. a4 d5 10. O-O Bd6 11. c4 Ne4 12. Ne5 Bxe5 13. dxe5 c6 14. Rad1 Nd7 15. f4 Ndc5 16. Bc2 Nxd2 17. Rxd2 Qh4 18. Bd4 Nd7 19. Qf2 Qg4 20. Bd1 Qg6 21. Qh4 c5 22. Bb2 Qe8 23. Bf3 Rd8 24. Rfd1 Rf7 25. cxd5 exd5 26. Bxd5 Bxd5 27. Rxd5 Qe7 28. Qg3 Qe6 29. Rd6 Qxb3 30. Qf2 Qxa4 31. e6 Re7 32. exd7 Rexd7 33. Qg3 Qxd1+ 34. Rxd1 Rxd1+ 35. Kf2 R8d2+ 36. Kf3 Rf1+ 0-1

[Event "11.Città di Padova Open A"]
[Site "Padova"]
[Date "2008.12.21"]
[Round "9.14"]
[White "Mazzella, Riccardo"]
[Black "Topollaj, Mark"]
[Result "1/2-1/2"]
[WhiteElo "1350"]
[BlackElo "1461"]
[Annotator "Gabriele Ballarin"]
[PlyCount "66"]
[EventDate "2008.12.13"]
[EventType "swiss"]
[EventRounds "9"]
[EventCountry "ITA"]

1. d4 e6 2. c4 c6 3. Nf3 d6 4. Nc3 Ne7 5. e3 Ng6 6. Be2 d5 7. O-O Bd6 8. cxd5 exd5 9. e4 dxe4 10. Nxe4 O-O 11. Nxd6 Qxd6 12. Bd3 Bg4 13. Bxg6 fxg6 14. Qb3+ Be6 15. Qe3 Nd7 16. b4 Bd5 17. Ne5 Rae8 18. f4 Nf6 19. h3 Qxb4 20. Ba3 Qa4 21. Bxf8 Rxf8 22. Ng4 Ne4 23. Nf2 Nd6 24. Nd1 Nf5 25. Qc3 Qxd4+ 26. Qxd4 Nxd4 27. Kh2 b6 28. Ne3 Be4 29. a4 c5 30. Nc4 Bd3 31. Nd2 Bxf1 32. Rxf1 Ne2 33. g3 Nc3 1/2-1/2

[Event "11.Open B"]
[Site "Padova"]
[Date "2008.12.13"]
[Round "1"]
[White "Pechy, Alaster"]
[Black "Simioni, Tiziano"]
[Result "1-0"]
[WhiteElo "2187"]
[BlackElo "1700"]
[Annotator "Gabriele Ballarin"]
[PlyCount "95"]
[EventDate "2008.12.13"]
[EventType "swiss"]
[EventRounds "6"]
[EventCountry "ITA"]

1. e4 d6 2. d4 Nf6 3. Nc3 g6 4. Nf3 Bg7 5. h3 O-O 6. Be3 a6 7. a4 b6 8. e5 dxe5 9. Nxe5 Bb7 10. Nf3 Nc6 11. Bc4 Nb4 12. O-O Nfd5 13. Bd2 e6 14. Nxd5 Nxd5 15. c3 Ne7 16. Re1 Nf5 17. Ng5 Bd5 18. Bd3 h6 19. Nf3 Nh4 20. Nxh4 Qxh4 21. Qg4 Qf6 22. Qe2 Rfe8 23. Bxa6 e5 24. dxe5 Qxe5 25. Qxe5 Rxe5 26. Rxe5 Bxe5 27. Be2 h5 28. b4 Re8 29. Bf1 Bb7 30. Re1 Bc6 31. a5 bxa5 32. bxa5 Bd6 33. Rxe8+ Bxe8 34. Be2 Bc6 35. Bf3 Bb5 36. Bb7 Bc5 37. Be3 Bxe3 38. fxe3 Kf8 39. a6 Bxa6 40. Bxa6 Ke7 41. Kf2 h4 42. Kf3 f5 43. e4 Kf6 44. exf5 Kxf5 45. Bd3+ Kf6 46. Kg4 g5 47. c4 c6 48. Be4 1-0

[Event "11.Open B"]
[Site "Padova"]
[Date "2008.12.14"]
[Round "2.8"]
[White "Sinato, Fabrizio"]
[Black "Pechy, Alaster"]
[Result "0-1"]
[WhiteElo "1840"]
[BlackElo "2187"]
[Annotator "Gabriele Ballarin"]
[PlyCount "126"]
[EventDate "2008.12.13"]
[EventType "swiss"]
[EventRounds "6"]
[EventCountry "ITA"]

1. e4 d6 2. d4 Nf6 3. Nc3 e5 4. Nf3 Nbd7 5. Bc4 Be7 6. O-O O-O 7. h3 c6 8. Qe2 Qc7 9. Rd1 b5 10. dxe5 dxe5 11. Bb3 Nc5 12. Bg5 a5 13. Bxf6 Bxf6 14. a3 Be6 15. Bxe6 Nxe6 16. Qe3 Rfd8 17. Ne2 a4 18. c3 Be7 19. Qc1 Rxd1+ 20. Qxd1 Rd8 21. Qc2 Nc5 22. c4 Nb3 23. Re1 b4 24. axb4 Bxb4 25. Nc3 Nc5 26. Re3 Bxc3 27. Qxc3 f6 28. Qc2 Qd6 29. Qc3 Rb8 30. Re1 Rb3 31. Qc2 Qd3 32. Qc1 Qd6 33. Rd1 Rd3 34. Rxd3 Qxd3 35. Nd2 Nxe4 36. Nxe4 Qxe4 37. Qc3 c5 38. Kh2 Qf4+ 39. Kg1 Qd4 40. Qc2 Qd7 41. Kh2 f5 42. f3 Kf7 43. Kh1 Kf6 44. Qf2 Qd4 45. Qc2 e4 46. fxe4 fxe4 47. Qxa4 e3 48. Qc6+ Ke5 49. Qf3 Qe4 50. Qe2 Kd4 51. Kg1 Qb1+ 52. Kh2 Qc1 53. Kg3 Qd2 54. Qg4+ Kd3 55. Qf5+ Kxc4 56. Qe6+ Kd3 57. Qb3+ Ke2 58. Qc4+ Qd3 59. Qc1 Qd6+ 60. Kg4 Kf2 61. Qc2+ e2 62. Qf5+ Kg1 63. Qe4 Qd4 0-1

[Event "11.Open B"]
[Site "Padova"]
[Date "2008.12.20"]
[Round "4.3"]
[White "Gennari, Leone"]
[Black "Pechy, Alaster"]
[Result "0-1"]
[WhiteElo "2026"]
[BlackElo "2187"]
[Annotator "Gabriele Ballarin"]
[PlyCount "64"]
[EventDate "2008.12.13"]
[EventType "swiss"]
[EventRounds "6"]
[EventCountry "ITA"]

1. e4 d6 2. g3 Nf6 3. Bg2 c5 4. d3 Nc6 5. f4 Bg4 6. Nf3 e6 7. c3 d5 8. e5 Nd7 9. O-O Qb6 10. h3 Bh5 11. Nbd2 Bg6 12. Ne1 O-O-O 13. Kh2 f6 14. exf6 gxf6 15. Ndf3 Bd6 16. d4 Be4 17. dxc5 Bxc5 18. Nd3 Bd6 19. Nf2 Rhg8 20. Nxe4 dxe4 21. Nd4 Nxd4 22. cxd4 f5 23. Qa4 Nf6 24. Bd2 Bc7 25. Rfc1 Kb8 26. Rc5 Qxb2 27. Bc3 Qf2 28. Be1 Qxd4 29. Qxd4 Rxd4 30. Bc3 Rd3 31. Bxf6 Rdxg3 32. Bg5 R3xg5 0-1

[Event "11.Open B"]
[Site "Padova"]
[Date "2008.12.21"]
[Round "5.1"]
[White "Pechy, Alaster"]
[Black "Gromovs, Sergejs"]
[Result "0-1"]
[WhiteElo "2187"]
[BlackElo "2368"]
[Annotator "Gabriele Ballarin"]
[PlyCount "68"]
[EventDate "2008.12.13"]
[EventType "swiss"]
[EventRounds "6"]
[EventCountry "ITA"]

1. d4 d5 2. c4 c6 3. Nc3 Nf6 4. e3 e6 5. Nf3 Nbd7 6. Bd3 dxc4 7. Bxc4 b5 8. Bd3 a6 9. O-O c5 10. b3 Bb7 11. Bb2 cxd4 12. exd4 Bd6 13. Re1 O-O 14. Rc1 Bf4 15. Rc2 Nb6 16. Ne4 Bxe4 17. Bxe4 Nxe4 18. Rxe4 Nd5 19. g3 Bd6 20. Ne5 Rc8 21. Nd3 Qe7 22. Ree2 h5 23. Rxc8 Rxc8 24. Rc2 Rxc2 25. Qxc2 Qb7 26. Qe2 h4 27. Qg4 Nf6 28. Qxh4 Qf3 29. Ne5 Qe2 30. Bc3 b4 31. Bxb4 Bxb4 32. Qf4 Qxa2 33. Nc6 Bf8 34. Qb8 Qb1+ 0-1

[Event "11.Open B"]
[Site "Padova"]
[Date "2008.12.21"]
[Round "6.2"]
[White "Pechy, Alaster"]
[Black "Coratella"]
[Result "0-1"]
[WhiteElo "2187"]
[BlackElo "2258"]
[Annotator "Gabriele Ballarin"]
[PlyCount "84"]
[EventDate "2008.12.13"]
[EventType "swiss"]
[EventRounds "6"]
[EventCountry "ITA"]

1. d4 g6 2. c4 Bg7 3. Nc3 d6 4. e4 Nc6 5. Be3 e5 6. d5 Nce7 7. Qd2 f5 8. f3 Nf6 9. O-O-O O-O 10. Bd3 Bd7 11. Nge2 fxe4 12. Nxe4 Nf5 13. Bg5 Nxe4 14. Bxe4 Bf6 15. Bxf6 Qxf6 16. h4 Rf7 17. h5 g5 18. g4 Nh4 19. Rdf1 b6 20. Rxh4 gxh4 21. g5 Qe7 22. Rg1 Kh8 23. g6 Rg7 24. h6 Rxg6 25. Bxg6 hxg6 26. Rxg6 Rg8 27. Rxg8+ Kxg8 28. Nc3 h3 29. Ne4 Qh4 30. Kd1 Bf5 31. Qh2 Qxh6 32. Qg3+ Kf7 33. Nf2 h2 34. Qg2 Qh4 35. b3 Qxf2 36. Qxf2 h1=Q+ 37. Ke2 Bh3 38. Qe3 Qh2+ 39. Kd3 Bf5+ 40. Kc3 a5 41. Qc1 Qf2 42. Qd1 Qe3+ 0-1

[Event "69.ITA Provinciale VE"]
[Site "Mestre Capablanca ITA"]
[Date "2009.01.30"]
[Round "1.1"]
[White "Zamengo, Fulvio"]
[Black "Boscolo, Marco"]
[Result "0-1"]
[WhiteElo "1659"]
[BlackElo "2129"]
[Annotator "Gabriele Ballarin"]
[PlyCount "148"]
[EventDate "2009.01.30"]
[EventType "swiss"]
[EventRounds "5"]
[EventCountry "ITA"]

1. e4 d5 2. exd5 Nf6 3. c4 c6 4. dxc6 Nxc6 5. Nc3 e5 6. d3 Bb4 7. Nge2 O-O 8. Ng3 Qa5 9. Bd2 Bg4 10. Be2 Bxe2 11. Qxe2 Nd4 12. Qd1 Rad8 13. a3 Bxc3 14. Bxc3 Qb6 15. O-O Nb3 16. Rb1 e4 17. d4 Nxd4 18. Qe1 Rfe8 19. Qe3 Ng4 20. Qg5 Qg6 21. Qxg6 hxg6 22. h3 Ne5 23. Nxe4 Ne2+ 24. Kh2 Nxc4 25. f3 Nxc3 26. Nxc3 Nd2 27. Rf2 Nxb1 28. Nxb1 Re1 29. Nc3 f5 30. Kg3 g5 31. h4 gxh4+ 32. Kxh4 Kf7 33. Kg5 g6 34. Rc2 Rh8 35. Rd2 Rh5+ 36. Kf4 Re7 37. Rd6 Kg7 38. Rd5 Kh6 39. Rd6 Rh4+ 40. Kg3 Rc4 41. Kf2 f4 42. Rd2 Re5 43. Ne4 Rc1 44. Ke2 a5 45. Kf2 Rb1 46. Nc3 Rc1 47. Ne4 b5 48. Ke2 b4 49. axb4 axb4 50. Rd4 Rc2+ 51. Kd3 Rxb2 52. Nd2 Re3+ 53. Kc4 Rc3+ 54. Kd5 b3 55. Ke4 Rbc2 56. Kxf4 b2 57. Ke5 Rxd2 58. Rb4 Rc1 59. Kf6 Rd6+ 60. Ke5 b1=Q 61. Rxb1 Rxb1 62. Kxd6 Kg5 63. g3 Kf6 64. Kd5 Rd1+ 65. Ke4 g5 66. Ke3 Ke5 67. Ke2 Rd7 68. Ke3 Kf5 69. Ke2 g4 70. f4 Ke4 71. Kf2 Rd2+ 72. Ke1 Ke3 73. f5 Rg2 74. Kf1 Rxg3 0-1

[Event "69.ITA Provinciale VE"]
[Site "Mestre Capablanca ITA"]
[Date "2009.01.30"]
[Round "1.2"]
[White "Cedriano, Filippo"]
[Black "Civitareale, Alberto"]
[Result "1-0"]
[WhiteElo "2025"]
[BlackElo "1658"]
[Annotator "Gabriele Ballarin"]
[PlyCount "109"]
[EventDate "2009.01.30"]
[EventType "swiss"]
[EventRounds "5"]
[EventCountry "ITA"]

1. e4 e5 2. Bc4 Nf6 3. Qf3 Bc5 4. Ne2 O-O 5. O-O d6 6. Nbc3 Be6 7. d3 Nbd7 8. Bg5 a6 9. Rad1 b5 10. Bb3 Bg4 11. Qxg4 Nxg4 12. Bxd8 Raxd8 13. Nd5 Bb6 14. Rd2 Rfe8 15. a4 c6 16. Nb4 Nb8 17. c3 Nf6 18. Ng3 d5 19. axb5 axb5 20. exd5 cxd5 21. Nf5 g6 22. Ne3 d4 23. Ned5 Nxd5 24. Nxd5 Rd6 25. Nxb6 Rxb6 26. cxd4 exd4 27. Rc2 Rc6 28. Rd2 Rec8 29. Re2 Kf8 30. Re5 Rc5 31. Re4 Nc6 32. Rfe1 Na5 33. Ba2 b4 34. Rxd4 Rc1 35. Rde4 b3 36. Bb1 Nb7 37. Kf1 Nd6 38. Rxc1 Rxc1+ 39. Re1 Rc5 40. Ke2 Nf5 41. Kd2 Nd4 42. Re4 Nc2 43. Rc4 Rg5 44. g3 Rf5 45. f4 g5 46. Bxc2 bxc2 47. Kxc2 gxf4 48. gxf4 Rh5 49. b4 Rxh2+ 50. Kc3 h5 51. b5 h4 52. b6 Rh1 53. b7 Rb1 54. Rb4 Rc1+ 55. Kd2 1-0

[Event "69.ITA Provinciale VE"]
[Site "Mestre Capablanca ITA"]
[Date "2009.01.30"]
[Round "1.3"]
[White "Niespoli, Carlo"]
[Black "Renier, Renzo"]
[Result "1/2-1/2"]
[WhiteElo "1600"]
[BlackElo "2017"]
[Annotator "Gabriele Ballarin"]
[PlyCount "98"]
[EventDate "2009.01.30"]
[EventType "swiss"]
[EventRounds "5"]
[EventCountry "ITA"]

1. e4 e6 2. d4 d5 3. Nd2 dxe4 4. Nxe4 Nd7 5. Bd3 Ngf6 6. Nxf6+ Nxf6 7. Nf3 c5 8. Bf4 Be7 9. O-O O-O 10. c3 Bd7 11. Bc2 Bc6 12. Ne5 Qd5 13. Nxc6 Qxc6 14. Be5 cxd4 15. Bxd4 Rfd8 16. Qe2 Rac8 17. Be5 Qc4 18. Qxc4 Rxc4 19. Rad1 Rcc8 20. Rd4 Rxd4 21. Bxd4 b6 22. Rd1 Rd8 23. Bxf6 Rxd1+ 24. Bxd1 Bxf6 25. b3 Bxc3 26. Kf1 Kf8 27. Bc2 g6 28. g4 Ke7 29. Ke2 Kf6 30. f4 Bb4 31. h4 Bc5 32. h5 h6 33. hxg6 fxg6 34. Kf3 Bb4 35. Bd3 h5 36. gxh5 gxh5 37. Be4 Bd2 38. Bd3 h4 39. Kg4 h3 40. Kxh3 Bxf4 41. Kg4 Bh6 42. Kf3 Ke5 43. Bc4 Bc1 44. Ke2 Kf5 45. Kf3 e5 46. Bd3+ Ke6 47. Ke4 Kd6 48. Bc4 Bb2 49. a4 Kc5 1/2-1/2

[Event "69.ITA Provinciale VE"]
[Site "Mestre Capablanca ITA"]
[Date "2009.01.30"]
[Round "1.4"]
[White "Velluti, Alberto"]
[Black "Urbinati, Niccolò"]
[Result "1-0"]
[WhiteElo "1929"]
[BlackElo "1569"]
[Annotator "Gabriele Ballarin"]
[PlyCount "63"]
[EventDate "2009.01.30"]
[EventType "swiss"]
[EventRounds "5"]
[EventCountry "ITA"]

1. e4 d5 2. exd5 Nf6 3. Nf3 Nxd5 4. d4 g6 5. Bc4 Nb6 6. Bb3 Bg7 7. O-O O-O 8. Bf4 Nc6 9. c3 Re8 10. Na3 Bg4 11. Bxf7+ Kxf7 12. Ng5+ Kg8 13. Qxg4 e5 14. dxe5 Nxe5 15. Qh3 h6 16. Nf3 Nxf3+ 17. Qxf3 c6 18. Be3 Nd5 19. Rad1 Qd7 20. Nc2 Nxe3 21. Nxe3 Qe6 22. a3 Rad8 23. Rxd8 Rxd8 24. Rd1 Re8 25. g3 Bf8 26. Qg4 Qxg4 27. Nxg4 Re2 28. Rd7 Bc5 29. b4 Bb6 30. Nxh6+ Kh8 31. Ng4 Ra2 32. Nf6 1-0

[Event "69.ITA Provinciale VE"]
[Site "Mestre Capablanca ITA"]
[Date "2009.01.30"]
[Round "1.5"]
[White "Bastianello, Tito"]
[Black "Biagioli, Valerio"]
[Result "1-0"]
[WhiteElo "1566"]
[BlackElo "1913"]
[Annotator "Gabriele Ballarin"]
[PlyCount "85"]
[EventDate "2009.01.30"]
[EventType "swiss"]
[EventRounds "5"]
[EventCountry "ITA"]

1. e4 e6 2. d4 d5 3. Nc3 dxe4 4. Nxe4 Nf6 5. Nxf6+ Qxf6 6. Nf3 h6 7. Bd3 Bd6 8. O-O O-O 9. Bd2 Bd7 10. Bc3 Qf4 11. Bd2 Qg4 12. Bh7+ Kh8 13. h3 Qh5 14. Be4 Bc6 15. Qe2 Bxe4 16. Qxe4 Nc6 17. Rfe1 Rae8 18. c4 f5 19. Qh4 Qxh4 20. Nxh4 Kh7 21. c5 Be7 22. Nf3 Bf6 23. Bc3 Kg8 24. b4 b5 25. a4 a6 26. axb5 axb5 27. Ra6 Nd8 28. Bd2 Re7 29. Bf4 g5 30. Be5 Rd7 31. Bxf6 Rxf6 32. Rd1 Kg7 33. Ne5 Re7 34. c6 f4 35. Ra5 Rf5 36. Rxb5 Re8 37. Rc5 h5 38. b5 Nf7 39. Nxf7 Kxf7 40. Rxf5+ exf5 41. d5 Rb8 42. d6 cxd6 43. c7 1-0

[Event "69.ITA Provinciale VE"]
[Site "Mestre Capablanca ITA"]
[Date "2009.01.30"]
[Round "1.6"]
[White "Bozzao, Francesco"]
[Black "Bordin, Renato"]
[Result "1-0"]
[WhiteElo "1910"]
[BlackElo "1530"]
[Annotator "Gabriele Ballarin"]
[PlyCount "99"]
[EventDate "2009.01.30"]
[EventType "swiss"]
[EventRounds "5"]
[EventCountry "ITA"]

1. e4 e6 2. d4 d5 3. Nd2 c5 4. exd5 exd5 5. dxc5 Bxc5 6. Nb3 Bb6 7. Nf3 Nf6 8. Bb5+ Nc6 9. Qe2+ Ne4 10. O-O O-O 11. Be3 Bxe3 12. Qxe3 Nb4 13. Nbd4 Bd7 14. Bxd7 Qxd7 15. c3 Nc6 16. Rad1 Rfe8 17. Qf4 Ne7 18. Ne5 Ng6 19. Nxg6 fxg6 20. Nf3 Rf8 21. Qxe4 dxe4 22. Rxd7 exf3 23. Rxb7 fxg2 24. Re1 Rf7 25. Rxf7 Kxf7 26. Kxg2 Rd8 27. Kf3 Rd2 28. Re2 Rd3+ 29. Ke4 Rd1 30. c4 g5 31. f3 h5 32. b4 Rb1 33. a3 Rb3 34. Re3 Rb2 35. h3 Kf6 36. c5 Ke6 37. f4 gxf4 38. Kxf4+ Kf6 39. Rc3 h4 40. c6 g5+ 41. Ke3 Rh2 42. Kd4 Rd2+ 43. Kc5 Rd8 44. c7 Rc8 45. Kd6 g4 46. hxg4 Rh8 47. c8=Q Rxc8 48. Rxc8 Kg5 49. Rg8+ Kf4 50. Rg7 1-0

[Event "69.ITA Provinciale VE"]
[Site "Mestre Capablanca ITA"]
[Date "2009.01.30"]
[Round "1.7"]
[White "Bortolussi, Francesco"]
[Black "Litrico, Paolo"]
[Result "0-1"]
[WhiteElo "1476"]
[BlackElo "1885"]
[Annotator "Gabriele Ballarin"]
[PlyCount "52"]
[EventDate "2009.01.30"]
[EventType "swiss"]
[EventRounds "5"]
[EventCountry "ITA"]

1. c4 f5 2. d4 Nf6 3. Nc3 g6 4. Nf3 Bg7 5. Bg5 h6 6. Bxf6 Bxf6 7. e4 d6 8. Bd3 Nc6 9. exf5 Bxf5 10. Bxf5 gxf5 11. Qd3 Qd7 12. Ne2 O-O-O 13. Nf4 e5 14. dxe5 Nxe5 15. Nxe5 Bxe5 16. Qd2 Bxf4 17. Qxf4 Rde8+ 18. Kf1 Re4 19. Qc1 Qe6 20. b3 f4 21. f3 Re3 22. Qd2 Re8 23. Rg1 Qe5 24. Rc1 Re2 25. Qd1 Qb2 26. Rc2 Rxc2 0-1

[Event "69.ITA Provinciale VE"]
[Site "Mestre Capablanca ITA"]
[Date "2009.01.30"]
[Round "1.8"]
[White "Belloni, Umberto"]
[Black "Pasqualetto, Lorenzo"]
[Result "1/2-1/2"]
[WhiteElo "1879"]
[BlackElo "1440"]
[Annotator "Gabriele Ballarin"]
[PlyCount "56"]
[EventDate "2009.01.30"]
[EventType "swiss"]
[EventRounds "5"]
[EventCountry "ITA"]

1. d4 d5 2. c3 Nf6 3. Bg5 e6 4. e3 Be7 5. Bxf6 Bxf6 6. f4 Nd7 7. Nf3 c5 8. Bd3 O-O 9. O-O Qc7 10. Nbd2 b6 11. Rc1 a5 12. Qe2 g6 13. h4 Bg7 14. Ng5 Nf6 15. Nh3 Bd7 16. Nf3 Ng4 17. Nf2 Nxf2 18. Qxf2 Rac8 19. h5 cxd4 20. cxd4 Qd6 21. hxg6 fxg6 22. Qd2 Rxc1 23. Rxc1 Rc8 24. Rxc8+ Bxc8 25. Qc2 Bd7 26. Ne5 Bxe5 27. fxe5 Qb4 28. Qf2 Qf8 1/2-1/2

[Event "69.ITA Provinciale VE"]
[Site "Mestre Capablanca ITA"]
[Date "2009.01.30"]
[Round "1.9"]
[White "You Yi Ning, Francesca"]
[Black "Zamengo, Bruno"]
[Result "0-1"]
[WhiteElo "1434"]
[BlackElo "1877"]
[Annotator "Gabriele Ballarin"]
[PlyCount "76"]
[EventDate "2009.01.30"]
[EventType "swiss"]
[EventRounds "5"]
[EventCountry "ITA"]

1. e4 e6 2. d4 d5 3. exd5 exd5 4. Nf3 Bd6 5. Nc3 c6 6. Be2 Bg4 7. Ne5 Be6 8. Bf4 Qc7 9. Qd2 Nd7 10. Nd3 Ne7 11. Bxd6 Qxd6 12. O-O O-O-O 13. Rfe1 Nf6 14. Na4 Ne4 15. Qa5 Kb8 16. Bf3 Ng5 17. Be2 Nf5 18. c3 h5 19. Nac5 Bc8 20. Ne5 f6 21. Nf3 Nf7 22. Bd3 g5 23. Bxf5 Bxf5 24. Re3 Rde8 25. Rae1 Rxe3 26. Rxe3 h4 27. Nd2 Bc8 28. c4 f5 29. cxd5 cxd5 30. Qa3 f4 31. Rb3 Ka8 32. Na4 Qe6 33. Rc3 Kb8 34. Nc5 Qe1+ 35. Nf1 g4 36. Nd7+ Bxd7 37. Qa5 Bc6 38. Qa3 Bb5 0-1

[Event "69.ITA Provinciale VE"]
[Site "Mestre Capablanca ITA"]
[Date "2009.01.30"]
[Round "1.10"]
[White "Zangrando, Gianpietro"]
[Black "Loris, Stefano"]
[Result "1-0"]
[WhiteElo "1829"]
[BlackElo "1416"]
[Annotator "Gabriele Ballarin"]
[PlyCount "59"]
[EventDate "2009.01.30"]
[EventType "swiss"]
[EventRounds "5"]
[EventCountry "ITA"]

1. d4 d5 2. Nf3 c5 3. e3 Nf6 4. Bd3 Nc6 5. c3 g6 6. Nbd2 cxd4 7. exd4 Bg7 8. O-O O-O 9. Re1 e6 10. Nf1 Bd7 11. Bg5 Qc7 12. Qd2 Rfe8 13. Bh6 Ng4 14. Bxg7 Kxg7 15. a3 e5 16. dxe5 Ngxe5 17. Nxe5 Nxe5 18. Re3 Re6 19. Rd1 Rae8 20. Bc2 Bc6 21. Qd4 Kg8 22. Bb3 Rd8 23. c4 Ree8 24. cxd5 Bb5 25. d6 Qb6 26. Rxe5 Qxd4 27. Rxe8+ Rxe8 28. Rxd4 Kf8 29. Ne3 Rd8 30. Ng4 1-0